| 000 | 00425nam a2200169 a 4500 | ||
|---|---|---|---|
| 001 | 26166 | ||
| 005 | 20180713224646.0 | ||
| 008 | 140415s1969 000 0 spa d | ||
| 041 | _aspa | ||
| 082 |
_a334.2 _bDUB |
||
| 100 | 1 | _aDUBLIN, JACK | |
| 245 | 1 | 0 |
_aUNIONES DE CREDITO : _bTEORIA Y PRACTICA |
| 250 | _a1a ed. | ||
| 260 |
_a[s.l.] : _bROBLE, _c1969 |
||
| 300 | _a216 | ||
| 650 | 1 | 4 |
_aCREDITOS _xPRESTAMO |
| 999 |
_c26166 _d26166 |
||